000 00569nam a2200229Ia 4500
003 OSt
005 20221007081804.0
006 a|||||r|||| 00| 0
007 ta
008 221006b |||||||| |||| 00| 0 eng d
024 _a8,189
037 _cTextual
040 _aFLL
_cFLL
_beng
041 _2eng
_aeng
082 _aY1:Z, K5
100 _aSawer G.
_9698052
245 0 _aLaw in society
260 _aOxford
_bThe Clarendon Press Oxford
_c1965
300 _a215p
_ccm.
942 _hY1:Z, K5
_cTEXL
_2CC
999 _c1164271
_d1164271